J. Niemiecki - dolegliwości i choroby - Statystyki

Ogólne statystyki
  • Ten quiz został rozwiązany 72 razy
    71 od ostatniego zresetowania
  • Średni wynik to 5 z 11
Statystyki odpowiedzi
Niemiecki Polski % Poprawnych
przeziębiony(a) erkältet
79%
pacjent der Patient
71%
brać aspirynę Aspirin nehmen
57%
choroba die Krankheit
43%
źle wyglądać schlecht aussehen
43%
mieć alergię na sierść zwierząt eine Allergie gegen Tierhaare haben
36%
być uczulonym na sierść zwierząt allergisch gegen Tierhaare sein
29%
źle wyglądasz Du siehst schlecht aus
29%
nie mieć apetytu keinen Appetit haben
29%
mieć problemy ze zdrowiem Probleme mit der Gesundheit haben
21%
kłaść się do łóżka sich ins Bett legen
21%
Nie znaleziono quizów pasujących do podanych kryteriów
Rozkład punktacji
Procent ludzi z każdym wynikiem
Percentyl według liczby udzielonych odpowiedzi
Twoja historia wyników
Nie rozwiązałeś tego quizu od ostatniego zresetowania